000
00334nam a22001457a 4500
008
230614b ||||| |||| 00| 0 eng d
020
_a
9780321954237
041
_a
eng
080
_2
SECOND EDITION
_a
51
082
_a
51BRI
100
_a
24
101
_a
MATE
245
_a
CALCULUS EARLY TRANSCENDENTALS
_c
BRIGGS
942
_2
udc
_c
BK
999
_c
59969
_d
59969